<?xml version="1.0" encoding="UTF-8"?>
<record
    xmlns:xsi="http://www.w3.org/2001/XMLSchema-instance"
    xsi:schemaLocation="http://www.loc.gov/MARC21/slim http://www.loc.gov/standards/marcxml/schema/MARC21slim.xsd"
    xmlns="http://www.loc.gov/MARC21/slim">

  <leader>01993nam a2200313 i 4500</leader>
  <controlfield tag="003">DO-SdBNP</controlfield>
  <controlfield tag="005">20260305073952.0</controlfield>
  <controlfield tag="006">a||||gr|||| 00| 0 </controlfield>
  <controlfield tag="007">ta</controlfield>
  <controlfield tag="008">230706b1993    dr ac||| |||| 00| e eng d</controlfield>
  <datafield tag="040" ind1=" " ind2=" ">
    <subfield code="a">DO-SdBNP</subfield>
    <subfield code="b">spa</subfield>
    <subfield code="c">BNPHU</subfield>
    <subfield code="e">rda</subfield>
  </datafield>
  <datafield tag="082" ind1=" " ind2="4">
    <subfield code="2">22</subfield>
    <subfield code="b">F996f</subfield>
  </datafield>
  <datafield tag="245" ind1="0" ind2="3">
    <subfield code="a">"El futuro de la industria dominicana: un reto nacional". /</subfield>
  </datafield>
  <datafield tag="246" ind1="0" ind2="4">
    <subfield code="a">"El futuro de la industria dominicana: un reto nacional":</subfield>
    <subfield code="b">1992</subfield>
  </datafield>
  <datafield tag="264" ind1=" " ind2="1">
    <subfield code="a">Santo Domingo :</subfield>
    <subfield code="b">ANJE,</subfield>
    <subfield code="c">1993</subfield>
  </datafield>
  <datafield tag="300" ind1=" " ind2=" ">
    <subfield code="a">186 p&#xE1;ginas :</subfield>
    <subfield code="b">Ilustraciones, retratos ;</subfield>
    <subfield code="c">21 cm</subfield>
  </datafield>
  <datafield tag="336" ind1=" " ind2=" ">
    <subfield code="2">rdaconten</subfield>
    <subfield code="a">texto</subfield>
    <subfield code="b">txt</subfield>
  </datafield>
  <datafield tag="337" ind1=" " ind2=" ">
    <subfield code="2">rdamedia</subfield>
    <subfield code="a">sin medici&#xF3;n</subfield>
    <subfield code="b">n</subfield>
  </datafield>
  <datafield tag="338" ind1=" " ind2=" ">
    <subfield code="2">rdacarrier</subfield>
    <subfield code="a">volumen</subfield>
    <subfield code="b">nc</subfield>
  </datafield>
  <datafield tag="505" ind1=" " ind2=" ">
    <subfield code="a">Palabras de bienvenida. /</subfield>
    <subfield code="r">Juan Bancalart Brugal.--</subfield>
    <subfield code="t">La Industria Dominicana: Evoluci&#xF3;n y Perspectivas. /</subfield>
    <subfield code="r">Frank Moya Pons.--</subfield>
    <subfield code="t">Retos y porvenir de la Agroindustria Nacional. /</subfield>
    <subfield code="r">Ing. Marto Cabrera.--</subfield>
    <subfield code="t">Los retos de la nueva industrializaci&#xF3;n: los enlaces industriales y la reestructuraci&#xF3;n industrial. /</subfield>
    <subfield code="r">Ing. Jorge Abbott.-- Comentarios de Celso Marranzini.-- Elena Viyella de Paliza.-- Andr&#xE9;s Dauhajre, hijo.-- Jos&#xE9; Miguel Banetti.-- Preguntas y respuestas.--</subfield>
    <subfield code="t">La Estabilidad finaciera y Cambiaria, y el Desarrollo Industrial. /</subfield>
    <subfield code="r">Lic. Julio C. Libre.--</subfield>
    <subfield code="t">La Inversi&#xF3;n extrangera y el Desarrollo Industrial Dominicano. /</subfield>
    <subfield code="r">Carlos Despradel.--</subfield>
    <subfield code="t">El Desarrollo de la Industrial Dominicana. /</subfield>
    <subfield code="r">Ing. George Arzano Brugal.-- Comentarios de: Jos&#xE9; Luis de Ram&#xF3;n.-- Abel Wachsmann.-- Ricardo Valdez Albizu.-- Randolph Fleming.-- Luis S&#xE1;nchez Noble.-- Preguntas y respuestas.--</subfield>
    <subfield code="t">Palabras de Clausura del Seminario ANJE '92. /</subfield>
    <subfield code="r">Rafael del todo G&#xF3;mez.--</subfield>
  </datafield>
  <datafield tag="590" ind1=" " ind2=" ">
    <subfield code="a">Inventariado 2023 / MF</subfield>
  </datafield>
  <datafield tag="700" ind1="1" ind2=" ">
    <subfield code="a">Bancalart Brugal, Juan </subfield>
    <subfield code="9">83721</subfield>
  </datafield>
  <datafield tag="700" ind1="1" ind2=" ">
    <subfield code="a">Moya Pons, Frank,</subfield>
    <subfield code="d">1944-</subfield>
    <subfield code="9">2095</subfield>
  </datafield>
  <datafield tag="700" ind1="1" ind2=" ">
    <subfield code="a">Cabrera, Marto </subfield>
    <subfield code="9">83722</subfield>
  </datafield>
  <datafield tag="700" ind1="1" ind2=" ">
    <subfield code="a"> Abbott, Jorge</subfield>
    <subfield code="9">83723</subfield>
  </datafield>
  <datafield tag="700" ind1="1" ind2=" ">
    <subfield code="a"> Llibre, Julio C.</subfield>
    <subfield code="9">83724</subfield>
  </datafield>
  <datafield tag="710" ind1="2" ind2=" ">
    <subfield code="a">Asociaci&#xF3;n Nacional de J&#xF3;venes Empresarios (Rep&#xFA;blica Dominicana)</subfield>
    <subfield code="9">18693</subfield>
  </datafield>
  <datafield tag="942" ind1=" " ind2=" ">
    <subfield code="2">ddc</subfield>
    <subfield code="c">LBS1</subfield>
  </datafield>
  <datafield tag="952" ind1=" " ind2=" ">
    <subfield code="0">0</subfield>
    <subfield code="1">0</subfield>
    <subfield code="2">ddc</subfield>
    <subfield code="5">1</subfield>
    <subfield code="7">0</subfield>
    <subfield code="8">PD</subfield>
    <subfield code="a">BNPHU</subfield>
    <subfield code="b">BNPHU</subfield>
    <subfield code="c">CT</subfield>
    <subfield code="d">2022-11-09</subfield>
    <subfield code="e">Donado por INTEC</subfield>
    <subfield code="l">0</subfield>
    <subfield code="o">F996f</subfield>
    <subfield code="p">2023-3148</subfield>
    <subfield code="r">2023-07-06</subfield>
    <subfield code="w">2023-07-06</subfield>
    <subfield code="y">LBS1</subfield>
  </datafield>
  <datafield tag="952" ind1=" " ind2=" ">
    <subfield code="0">0</subfield>
    <subfield code="1">0</subfield>
    <subfield code="2">ddc</subfield>
    <subfield code="5">1</subfield>
    <subfield code="7">0</subfield>
    <subfield code="8">PD</subfield>
    <subfield code="a">BNPHU</subfield>
    <subfield code="b">BNPHU</subfield>
    <subfield code="c">CT</subfield>
    <subfield code="d">2022-11-09</subfield>
    <subfield code="e">Donado por INTEC</subfield>
    <subfield code="l">0</subfield>
    <subfield code="o">F996f</subfield>
    <subfield code="p">2023-3149</subfield>
    <subfield code="r">2023-07-06</subfield>
    <subfield code="t">e.2</subfield>
    <subfield code="w">2023-07-06</subfield>
    <subfield code="y">LBS1</subfield>
  </datafield>
  <datafield tag="952" ind1=" " ind2=" ">
    <subfield code="0">0</subfield>
    <subfield code="1">0</subfield>
    <subfield code="2">ddc</subfield>
    <subfield code="5">6</subfield>
    <subfield code="7">0</subfield>
    <subfield code="8">DS</subfield>
    <subfield code="a">BNPHU</subfield>
    <subfield code="b">BNPHU</subfield>
    <subfield code="c">CT</subfield>
    <subfield code="d">2022-11-09</subfield>
    <subfield code="e">Donado por INTEC</subfield>
    <subfield code="l">0</subfield>
    <subfield code="o">F996f</subfield>
    <subfield code="p">2023-3150</subfield>
    <subfield code="r">2023-07-06</subfield>
    <subfield code="t">e.2</subfield>
    <subfield code="w">2023-07-06</subfield>
    <subfield code="y">LBS1</subfield>
  </datafield>
  <datafield tag="952" ind1=" " ind2=" ">
    <subfield code="0">0</subfield>
    <subfield code="1">0</subfield>
    <subfield code="2">ddc</subfield>
    <subfield code="5">6</subfield>
    <subfield code="7">0</subfield>
    <subfield code="8">DS</subfield>
    <subfield code="a">BNPHU</subfield>
    <subfield code="b">BNPHU</subfield>
    <subfield code="c">CT</subfield>
    <subfield code="d">2022-11-09</subfield>
    <subfield code="e">Donado por INTEC</subfield>
    <subfield code="l">0</subfield>
    <subfield code="o">F996f</subfield>
    <subfield code="p">2023-3151</subfield>
    <subfield code="r">2023-07-06</subfield>
    <subfield code="t">e.4</subfield>
    <subfield code="w">2023-07-06</subfield>
    <subfield code="y">LBS1</subfield>
  </datafield>
  <datafield tag="952" ind1=" " ind2=" ">
    <subfield code="0">0</subfield>
    <subfield code="1">0</subfield>
    <subfield code="2">ddc</subfield>
    <subfield code="5">6</subfield>
    <subfield code="7">0</subfield>
    <subfield code="8">DS</subfield>
    <subfield code="a">BNPHU</subfield>
    <subfield code="b">BNPHU</subfield>
    <subfield code="c">CT</subfield>
    <subfield code="d">2022-11-09</subfield>
    <subfield code="e">Donado por INTEC</subfield>
    <subfield code="l">0</subfield>
    <subfield code="o">F996f</subfield>
    <subfield code="p">2023-7417</subfield>
    <subfield code="r">2023-10-27</subfield>
    <subfield code="w">2023-10-27</subfield>
    <subfield code="y">LBS1</subfield>
  </datafield>
  <datafield tag="999" ind1=" " ind2=" ">
    <subfield code="c">54126</subfield>
    <subfield code="d">54126</subfield>
  </datafield>
</record>
